| 000 | 02000cam a2200577 i 4500 | ||
|---|---|---|---|
| 001 | 32712 | ||
| 003 | KOSZ 005 | ||
| 005 | 20250722063909.0 | ||
| 008 | 241115s1997 pl a f 100 0 pol | ||
| 015 | _aPB 1997/12135 | ||
| 020 | _a8301122560 | ||
| 035 | _a991005077019705066 | ||
| 035 | _a(PL-WaBN)b1133258x-48omnis_nlop | ||
| 035 | _ab1133258x | ||
| 035 | _a(OCoLC)830129178 | ||
| 035 | _a(PL)b0000001133258 | ||
| 035 | _a(EXLNZ-48OMNIS_NETWORK)9910211671605606 | ||
| 040 |
_aWA N _cWA N _dKOSZ 005/HR _dKOSZ 005/RW |
||
| 041 | 1 |
_apol _heng |
|
| 046 | _k1997 | ||
| 080 | _a330.162 | ||
| 080 | _a(06) | ||
| 245 | 0 | 0 |
_aEtyka biznesu / _credakcja naukowa Jerzy Dietl, Wojciech Gasparski ; Fundacja Edukacyjna Przedsiębiorczości. |
| 250 | _aWydanie I. | ||
| 260 |
_aWarszawa : _bWydawnictwo Naukowe PWN, _c1997. |
||
| 300 |
_a432, [2] strony : _berrata ; _c22 cm. |
||
| 336 |
_aTekst _btxt _2rdacontent |
||
| 337 |
_aBez urządzenia pośredniczącego _bn _2rdamedia |
||
| 338 |
_aWolumin _bnc _2rdacarrier |
||
| 380 | _aKsiążki | ||
| 380 | _aPublikacje naukowe | ||
| 388 | 1 | _a1901-2000 | |
| 388 | 1 | _a1989-2000 | |
| 490 | 1 | _aPrzedsiębiorczość | |
| 500 | _aMateriały z konferencji, Łódź 1994. | ||
| 504 | _aBibliografia na stronach 403-[420] i przy pracach. | ||
| 546 | _aTekst częściowo tłumaczony z języka angielskiego. | ||
| 650 | 7 |
_aEtyka biznesu _2DBN |
|
| 655 | 7 | _aMateriały konferencyjne | |
| 655 | 7 | _aPraca zbiorowa | |
| 658 | _aFilozofia i etyka | ||
| 658 | _aGospodarka, ekonomia, finanse | ||
| 658 | _aZarządzanie i marketing | ||
| 700 | 1 |
_aGasparski, Wojciech _d(1936- ) _eRedakcja |
|
| 700 | 1 |
_aDietl, Jerzy _d(1927-2021) _eRedakcja |
|
| 710 | 2 |
_aWydawnictwo Naukowe PWN _4pbl |
|
| 830 | 0 | _aPrzedsiębiorczość (PWN) | |
| 856 |
_uhttp://koha.tu.koszalin.pl/cgi-bin/koha/opac-detail.pl?biblionumber=32712 _yKatalog online BPK |
||
| 942 |
_2UKD _cKS |
||
| 999 |
_c32712 _d32712 |
||